00378nam a22000977a 4500003000400000082001900004100003300023245013600056260008000192300000800272SGT a891.4309bR17T aथियाम, रतन  aरंग प्रसंग : राष्ट्रीय नाट्य विद्यालय का मुखपात्र bराष्ट्रीय नाट्य विद्यालय c2017 a170